LEADER 02796nam 2200577 a 450 001 9910464685603321 005 20200520144314.0 010 $a1-283-49188-5 010 $a9786613491886 010 $a0-8213-8964-5 035 $a(CKB)3460000000023803 035 $a(EBL)868318 035 $a(OCoLC)777191992 035 $a(SSID)ssj0000637919 035 $a(PQKBManifestationID)11432593 035 $a(PQKBTitleCode)TC0000637919 035 $a(PQKBWorkID)10708081 035 $a(PQKB)11062245 035 $a(MiAaPQ)EBC868318 035 $a(Au-PeEL)EBL868318 035 $a(CaPaEBR)ebr10530610 035 $a(CaONFJC)MIL349188 035 $a(EXLCZ)993460000000023803 100 $a20120229d2012 uy 0 101 0 $aeng 135 $aur|n|---||||| 181 $ctxt 182 $cc 183 $acr 200 04$aThe little data book on climate change$b[electronic resource] $e2011 /$fthe World Bank 210 $aWashington, D.C. $cWorld Bank$d2012 215 $a1 online resource (264 p.) 300 $aDescription based upon print version of record. 311 $a0-8213-8959-9 320 $aIncludes bibliographical references. 327 $aContents; Acknowledgments; Foreword; User guide; Regional tables; World; East Asia and Pacific; Europe and Central Asia; Latin America and the Caribbean; Middle East and North Africa; South Asia; Sub-Saharan Africa; Income and other group tables; Low income; Middle income; Lower middle income; Upper middle income; Low and middle income; High income; Euro area; Small island developing states; Country tables (in alphabetical order); Renewable energy in 2010; Urban areas; Summary of national actions: Renewable energy targets and non-Annex-I country GHG emissions reduction goals; Glossary 327 $aReferences 330 $aThe Little Data Book on Climate Change is based on World Development Indicators 2011, the World Bank's premier data publication. It provides a broad overview of climate change data and includes a diverse set of indicators selected from both the global economic and scientific communities. These indicators reflect recognition of the intrinsic relationship between climate change and development, and attempt to synthesize important aspects of current and projected climate conditions, exposure to climate impacts, resilience, greenhouse gas emissions, and the state of efforts to take action. This ha 606 $aClimatic changes 608 $aElectronic books. 615 0$aClimatic changes. 676 $a363.73/87 676 $a363.7387 712 02$aWorld Bank. 801 0$bMiAaPQ 801 1$bMiAaPQ 801 2$bMiAaPQ 906 $aBOOK 912 $a9910464685603321 996 $aThe little data book on climate change$92459260 997 $aUNINA LEADER 01205nam0 22003133i 450 001 PUV0488151 005 20231121125616.0 010 $a3906763129 100 $a20161114d1999 ||||0itac50 ba 101 | $afre$agrc 102 $ach 181 1$6z01$ai $bxxxe 182 1$6z01$an 200 1 $a˜L'œépithète pindarique$eétude historique et philologique$fPascale Hummel 210 $aBern \etc.!$cPeter Lang$d©1999 215 $a676 p.$d23 cm. 225 | $aSapheneia$eBeitrage zur Klassischen Philologie$v3 410 0$1001PUV0343434$12001 $aSapheneia$eBeitrage zur Klassischen Philologie$v3 606 $aPindaro$2FIR$3RMLC060577$9E 676 $a884.01$9Poesia lirica in greco classico. Origini-499$v21 700 1$aHummel$b, Pascale$3MILV105440$4070$0470903 801 3$aIT$bIT-01$c20161114 850 $aIT-FR0017 899 $aBiblioteca umanistica Giorgio Aprea$bFR0017 912 $aPUV0488151 950 0$aBiblioteca umanistica Giorgio Aprea$d 52CIS 9/1935$e 52VM 0000680055 VM barcode:00043452. - Inventario:30417 FLSVM$fA $h20070402$i20121204 977 $a 52 996 $aÉpithète pindarique$91121068 997 $aUNICAS LEADER 01414nas 2200481-a 450 001 996216982203316 005 20230522213016.0 011 $a1432-2013 035 $a(DE-599)ZDB1463014-X 035 $a(OCoLC)41985391 035 $a(CKB)954925432380 035 $a(CONSER)--2004233649 035 $a(EXLCZ)99954925432380 100 $a19990730a19689999 s-- - 101 0 $aeng 135 $aurcnu|||||||| 181 $ctxt$2rdacontent 182 $cc$2rdamedia 183 $acr$2rdacarrier 200 10$aPflügers Archiv $eEuropean journal of physiology 210 $aHeidelberg $cSpringer-Verlag 300 $aRefereed/Peer-reviewed 311 $a0031-6768 517 3 $aEuropean journal of physiology 517 1 $aPfluegers Archiv 531 $aPFLUEGERS ARCHIV EUROPEAN JOURNAL OF PHYSIOLOGY 531 $aPFLUGERS ARCH 531 $aPFLUEG ARCH EUR J PHYSIOL 531 $aPFLUG ARCH EUR J PHY 606 $aPhysiology$vPeriodicals 606 $aPhysiology, Comparative 606 $aPhysiology$2fast$3(OCoLC)fst01063177 608 $aPeriodicals.$2fast 608 $aPeriodicals.$2lcgft 615 0$aPhysiology 615 2$aPhysiology, Comparative. 615 7$aPhysiology. 676 $a591.105 712 02$aFederation of European Physiological Societies, 906 $aJOURNAL 912 $a996216982203316 996 $aPflügers Archiv$9789477 997 $aUNISA